00000000nam 2200000zi 4500
0019.931893
003CaOODSP
00520241118150604
006m     o  d f      
007cr |n|||||||||
008231229e199003##qucd    ob   f|0| 0 fre d
040 |aCaOODSP|bfre|erda|cCaOODSP
043 |an-cn-qu
0861 |aCW66-1450/1990F-PDF
1001 |aCoderre, Daniel, |eauteur.
24510|aEffets de l'insecticide chlorpyriphos sur l'abondance, la biomasse et la diversité de la communauté lombricienne en milieu urbain : |brapport final / |cDaniel Coderre.
264 1|a[Sainte-Foy, Québec] : |bService canadien de la faune, |cmars 1990.
300 |a1 ressource en ligne (30 pages) : |bgraphiques
336 |atexte|btxt|2rdacontent/fre
337 |ainformatique|bc|2rdamedia/fre
338 |aressource en ligne|bcr|2rdacarrier/fre
500 |aÉdition numérisée de l’imprimé [par Environnement et changement climatique Canada].
504 |aComprend des références bibliographiques (pages 26-30).
650 0|aEarthworms|xEffect of insecticides on|zQuébec (Province)
650 6|aVers de terre|xEffets des insecticides sur|zQuébec (Province)
7102 |aService canadien de la faune, |eorganisme de publication.
7102 |aDow Chemical Canada, |econsultant.
7102 |aG.R.E.B.E. inc., |econsultant.
85640|qPDF|s899 Ko|uhttps://publications.gc.ca/collections/collection_2024/eccc/cw66/CW66-1450-1990-fra.pdf